header

The Clerical Training Office: (Record no. 259745)

MARC details
000 -LEADER
fixed length control field 00509nam a22001817a 4500
003 - CONTROL NUMBER IDENTIFIER
control field OSt
005 - DATE AND TIME OF LATEST TRANSACTION
control field 20230308103203.0
008 - FIXED-LENGTH DATA ELEMENTS--GENERAL INFORMATION
fixed length control field 230308b xxu||||| |||| 00| 0 eng d
020 ## - INTERNATIONAL STANDARD BOOK NUMBER
International Standard Book Number 0273009311
040 ## - CATALOGING SOURCE
Transcribing agency n/a
050 ## - LIBRARY OF CONGRESS CALL NUMBER
Classification number HF5547
Item number .G67 1975
100 ## - MAIN ENTRY--PERSONAL NAME
Personal name Gosling, Kathleen
245 ## - TITLE STATEMENT
Title The Clerical Training Office:
Remainder of title A basic Course in Office Skills & Procedures
Statement of responsibility, etc Kathleen Gosling
250 ## - EDITION STATEMENT
Edition statement 2nd Edn.
260 ## - PUBLICATION, DISTRIBUTION, ETC. (IMPRINT)
Place of publication, distribution, etc UK,
Name of publisher, distributor, etc Pitman Publishing
Date of publication, distribution, etc 19675
300 ## - PHYSICAL DESCRIPTION
Extent viii; 104p
Other physical details ill.
942 ## - ADDED ENTRY ELEMENTS (KOHA)
Source of classification or shelving scheme Library of Congress Classification
Koha item type Long Loan Books
Holdings
Withdrawn status Lost status Source of classification or shelving scheme Damaged status Not for loan Collection code Home library Current library Shelving location Date acquired Total Checkouts Full call number Barcode Date last seen Price effective from Koha item type
    Library of Congress Classification     Non-fiction Rongo University Library Rongo University Library General Stacks 08/03/2023   HF5547 .G67 1975 20089581 08/03/2023 08/03/2023 Long Loan Books

© 2026 Rongo University
Contact us: librarian | system librarian | Rongo university